Comunicabilidad en los portales web de la Administracin̤ Local Estudio de caso en la Comunidad de Madrid

Detalles Bibliográficos
Autor principal: Lp̤ez del Ramo, Joaqun̕
Formato: eBook
Lenguaje:español
Publicado: Madrid : Dykinson, 2011
Materias:
Acceso en línea:http://www.vlex.com/source/6302

MARC

LEADER 00000nam a22000007a 4500
005 20130125101520.0
007 cr|||| ||||
008 130125e2011 sp |||||s|||| 00||0 spa d
020 |a 8415454783 
035 |a 6302 
040 |a vLex 
090 |c 3598  |d 3598 
100 1 0 |a Lp̤ez del Ramo, Joaqun̕ 
245 1 0 |a Comunicabilidad en los portales web de la Administracin̤ Local  |b Estudio de caso en la Comunidad de Madrid  |h [Recurso electrn̤ico] 
256 |a Servicio en ln̕ea 
260 |a Madrid :  |b Dykinson,   |c 2011  
300 |a 1 Recurso electrn̤ico 
650 |a Intercambio electrn̤ico de datos 
650 |a Administracin̤ pb︢lica 
740 |a vLex Libros (Servicio en ln̕ea) 
856 |a Acceso restringido  |u http://www.vlex.com/source/6302 
942 |c BOOK 
999 0 |a Electronic data interchange